NPCR 1 Lesson 4 Key Sentences C-M - Statistics

General Stats
  • This quiz has been taken 10 times
  • The average score is 3 of 7
Answer Stats
Character Meaning % Correct
我学习汉语 I study Mandarin
75%
认识你很高兴 Nice to meet you
75%
我姓陆,叫陆雨平 My name is Lu Yuping
50%
可以进来吗? Can I come in?
25%
我是语言学院的学生 I'm a student from the Language Institute
25%
您贵姓? May I ask your name?
25%
请进! Please come in!
25%
No matching quizzes found
Score Distribution
Percent of People with Each Score
Percentile by Number Answered
Your Score History
You have not taken this quiz